00488nam a2200145Ia 4500008004100000100001900041245010600060245003300166260004700199260001400246300002500260500001400285650002300299650002000322170224s9999 xx 000 0 und d aYoung Min Baek aCultural Distance and Foreign Drama Enjoyment: Perceived Novelty and Identification with Characters  cYoung Min Baek & Hye Min Kim bJournal of Broadcasting & Electronic Media cSeptember a60:3, Pages: 527-546 aSeptember xCommunication Arts xMultimedia Arts